| 000 | 00365nam a2200133Ia 4500 | ||
|---|---|---|---|
| 008 | 231017s9999 xx 000 0 und d | ||
| 082 | _a388.3144 | ||
| 082 | _bNCH | ||
| 245 | 0 | _aNCHRP Web-Only Document 124: Guidelines for Selection of Speed: Reduction Treatments at High-Speed Intersections | |
| 245 | 0 | _cTRB | |
| 260 | _bTRB | ||
| 300 | _c30cm | ||
| 942 | _cREP | ||
| 999 |
_c604475 _d604475 |
||